000 00666nam a2200277Ia 4500
005 20260324112632.0
008 008 260324s9999 xx 000 0 eng d
020 _a9781032686745
037 _aEBOOK
040 _aCRL
040 _beng
040 _cCRL
041 _2eng
041 _aeng
084 _qCRL
100 _aAlex Khang
_91139483
245 0 _aAI and IoT Technology and Applications for Smart Healthcare Systems
260 _bTaylor and Francis
260 _c2024
365 _a
365 _b640
856 _uhttp://www.taylorfrancis.com/books/9781032686745
942 _cEBOOK
999 _c1732800
_d1732800